• 首页
  • 本馆介绍
  • 公告通知
  • 最新文献
  • 馆藏检索
  • 电子资源
  • 读者导购
  • 参考咨询
  • 我的图书馆
  • 登录
  • 详细信息显示
  • 放入我的书架
  • 预约/预借图书
  • 作者相关作品
  • 分类相关作品
  • 丛书相关作品
  • 出版社相关作品

书目信息

  • 表格格式
  • 工作单格式
  • 卡片格式
题名:
混凝土砌块手册
    
 
作者: 伦道尔 , Panarese , Randal , 潘纳里斯 著 ;中国建筑科学研究院建筑设计研究所 译
分册:  
出版信息: 北京   中国建筑工业出版社  1982
页数: 172页
开本: 25cm
丛书名:
单 册:
中图分类: TU37
科图分类:
主题词: 混凝土结构 , 钢筋混凝土结构
电子资源:
ISBN:
000 01063nam0 2200313 45
001 0182004084
005 20060805152731.31
010    @dCNY1.40
091    @a15040.4165
100    @a19950523d1982 em y0chiy0121 ea
101 1  @achi@ceng
102    @aCN@b110000
105    @ay z 000yy
200 10 @a混凝土砌块手册@Ahun ning tu qi kuai shou ce@f(美)伦道尔(F.A. Randal), (美)潘纳里斯(W.C. Panarese)著@g中国建筑科学研究院建筑设计研究所译
210    @a北京@c中国建筑工业出版社@d1982
215    @a172页@d25cm
300    @a书名原文:Conerete masonry handbook
510 1  @aConerete masonry handbook@zeng
606 0  @a混凝土结构
606 0  @a钢筋混凝土结构
690    @aTU37
701  1 @a伦道尔@Alun dao er@bF.A.@4著
701 A1 @aPanarese@bW.C.@4著
701 A1 @aRandal@bF.A.@4著
701  1 @a潘纳里斯@Apan na li si@bW.C.@4著
712 02 @a中国建筑科学研究院建筑设计研究所@Azhong guo jian zhu ke xue yan jiu yuan jian zhu she ji yan jiu suo@4译
801  0 @aCN@b上海图书馆@c20060805
801  2 @aCN@bNLC@c20060726
905    @f1@b125625@dTU37@e92
    
    混凝土砌块手册/(美)伦道尔(F.A. Randal), (美)潘纳里斯(W.C. Panarese)著/中国建筑科学研究院建筑设计研究所译.-北京:中国建筑工业出版社,1982
    172页;25cm
    书名原文:Conerete masonry handbook
    
    ISBN :CNY1.40
    
●
相关链接 在E读中查询图书 在五车中查询图书 在当当中查询图书 在豆瓣中查询图书


正题名:混凝土砌块手册     索取号:TU37/92         预约/预借

序号 登录号 条形码 馆藏地/架位号 状态 备注
1 0125625   001485146   第三借阅区/ [索取号:TU37/92] 在馆    
2 0125626   001485137   第二样本阅览室/ [索取号:TU37/92] 在馆    
3 0438605   204386057   密集书库/ [索取号:TU37/92] 在馆    
4 0451616   204516167   密集书库/ [索取号:TU37/92] 在馆    
唐山师范学院图书馆 欢迎您!
大连网信软件有限公司© 版权所有